| 000 | 00425nam a22001697a 4500 | ||
|---|---|---|---|
| 003 | NUST - PNEC | ||
| 005 | 20170116181125.0 | ||
| 008 | 151005b xxu||||| |||| 00| 0 eng d | ||
| 020 | _a9698017003 | ||
| 040 | _cLIBRARY | ||
| 082 | _a915.4 AKH | ||
| 100 |
_913646 _aAkhtar, Rafique |
||
| 245 |
_aPakistan year book, 1992-93 _cRafique Akhtar |
||
| 260 | _cc.1991 | ||
| 650 |
_913648 _aPakistan _xHistory |
||
| 942 |
_2ddc _cBK |
||
| 999 |
_c69711 _d69711 |
||